01008nam a2200289 i 4500001000700000003000900007005001700016007000300033008004100036020001800077080003600095080002300131080001300154100002800167245007000195250001200265260003700277300004100314490002500355600004800380600003500428610004700463830004500510852002200555999001900577952012200596103584ES-MaACL20250829045054.0t|060418s1993 sp f |||| |dspa d a84-7880-315-7 a32 González Márquez, Felipe a32 Guerra, Alfonso a329(460)1 aGuerra, Antonio.96048410aGonzález-Guerra b: historia de un divorcio / cAntonio Guerra. a1ª ed. aMadrid : bTemas de Hoy, c1993. a253 p., [32] p. de lám. ; c23 cm.1 aGrandes temas ; v1114aGonzález Márquez, Felipe,d1942-95878014aGuerra, Alfonso,d1940-96047924aPartido Socialista Obrero Español.9615500aGrandes temas (Temas de Hoy)v119237065 aES-MaACLjC-56907 c103584d103584 00104070aATENEOMbATENEOMcDEPO2d2008-01-17eSCl0oC-56907p1108152r2023-02-23 00:00:00w2023-02-23yMONOGRAFIA